[Event "36. Copenhagen Open (Politiken Cup)"]
[Site "Elsinore"]
[Date "2014.07.21"]
[Round "1"]
[White "Merkesvik, Frode"]
[Black "Djurhuus, Eivind X"]
[Result "0-1"]
[WhiteElo "1633"]
[BlackElo "2079"]
[PlyCount "74"]
[EventDate "2014.07.21"]
[EventType "swiss"]
[EventRounds "10"]
[EventCountry "DEN"]
[Source "ChessBase"]
[SourceDate "2014.08.29"]

1. e4 e6 2. d4 d5 3. exd5 exd5 4. Nf3 Nc6 5. Bf4 Bg4 6. Be2 Bd6 7. Bxd6 Qxd6 8.
c3 Nge7 9. Nbd2 f6 10. h3 Bh5 11. Nh2 Bxe2 12. Qxe2 O-O-O 13. O-O-O h5 14. Nhf1
g5 15. Ne3 f5 16. Rhe1 Kb8 17. Qd3 f4 18. Nf5 Qg6 19. g4 fxg3 20. fxg3 Qxf5 21.
Qxf5 Nxf5 22. g4 hxg4 23. hxg4 Nd6 24. Nf3 Ne4 25. c4 Nf2 26. Rd2 Nxg4 27. Nxg5
Rhg8 28. cxd5 Rxd5 29. Ne6 b6 30. Re4 Nh6 31. Rh4 Nf5 32. Rh7 Nfxd4 33. Nxc7
Rg1+ 34. Rd1 Ne2+ 35. Kc2 Rdxd1 36. Na6+ Kc8 37. Rc7+ Kd8 0-1

[Event "36. Copenhagen Open (Politiken Cup)"]
[Site "Elsinore"]
[Date "2014.07.21"]
[Round "1"]
[White "Meurman, Arne"]
[Black "Langer, Peter"]
[Result "1-0"]
[WhiteElo "2062"]
[BlackElo "1546"]
[PlyCount "89"]
[EventDate "2014.07.21"]
[EventType "swiss"]
[EventRounds "10"]
[EventCountry "DEN"]
[Source "ChessBase"]
[SourceDate "2014.08.29"]

1. e4 c5 2. Nc3 d6 3. g3 Nf6 4. Bg2 e6 5. d3 Be7 6. f4 Nbd7 7. Nf3 Qc7 8. O-O
a6 9. Qe2 O-O 10. e5 dxe5 11. fxe5 Nd5 12. Bd2 Rb8 13. Rae1 Nxc3 14. Bxc3 b5
15. b3 Bb7 16. Qe3 h6 17. Qf4 Nb6 18. Ba5 Bd8 19. Qg4 b4 20. Nd2 Qe7 21. Bxb7
Qxb7 22. Ne4 Be7 23. Bxb6 Qxb6 24. Nf6+ Bxf6 25. exf6 g6 26. Re5 Kh7 27. Rh5
c4+ 28. Kg2 Qe3 29. Rf4 Qd2+ 30. Kh3 Rb5 31. Rxb5 axb5 32. dxc4 Qxc2 33. cxb5
Qxa2 34. Rc4 Rd8 35. Rc7 Kg8 36. Qf4 g5 37. Qe4 Qxb3 38. b6 Qd5 39. Qxd5 exd5
40. b7 b3 41. Rc8 Rxc8 42. bxc8=Q+ Kh7 43. Qf5+ Kg8 44. Qxd5 b2 45. Qb3 1-0

[Event "36. Copenhagen Open (Politiken Cup)"]
[Site "Elsinore"]
[Date "2014.07.21"]
[Round "1"]
[White "Moller, Arne"]
[Black "Buchal, Stephan"]
[Result "0-1"]
[WhiteElo "1886"]
[BlackElo "2295"]
[PlyCount "92"]
[EventDate "2014.07.21"]
[EventType "swiss"]
[EventRounds "10"]
[EventCountry "DEN"]
[Source "ChessBase"]
[SourceDate "2014.08.29"]

1. e4 g6 2. d4 Bg7 3. c4 d6 4. Nc3 Nf6 5. f3 a6 6. Be3 Nbd7 7. Nge2 c5 8. d5
O-O 9. g4 b5 10. Ng3 Qa5 11. Qd2 Ne5 12. Be2 Rb8 13. O-O Nxc4 14. Bxc4 bxc4 15.
Kh1 e6 16. g5 Ne8 17. Rab1 exd5 18. exd5 Nc7 19. Nge4 Bf5 20. Bf4 Bxe4 21. fxe4
Nb5 22. Rbc1 Qd8 23. Bg3 Qe7 24. Rce1 Nd4 25. Rf2 f6 26. gxf6 Bxf6 27. Ref1 Be5
28. Bxe5 Qxe5 29. Qh6 Rxf2 30. Rxf2 Nb5 31. Qh4 Re8 32. Qf4 Qxf4 33. Rxf4 Rf8
34. Rxf8+ Kxf8 35. Na4 Ke7 36. Kg2 g5 37. Kg3 h5 38. a3 Kf6 39. h3 Ke5 40. Kf3
g4+ 41. hxg4 hxg4+ 42. Ke3 c3 43. bxc3 Nxa3 44. Nb6 Nc2+ 45. Kd3 g3 46. Nc4+
Kf4 0-1

[Event "36. Copenhagen Open (Politiken Cup)"]
[Site "Elsinore"]
[Date "2014.07.21"]
[Round "1"]
[White "Morling, Aase"]
[Black "Merkesvik, Sondre"]
[Result "0-1"]
[WhiteElo "1531"]
[BlackElo "2057"]
[PlyCount "100"]
[EventDate "2014.07.21"]
[EventType "swiss"]
[EventRounds "10"]
[EventCountry "DEN"]
[Source "ChessBase"]
[SourceDate "2014.08.29"]

1. e4 c5 2. c3 d5 3. exd5 Qxd5 4. d4 Nc6 5. Nf3 g6 6. Be2 Bg7 7. Be3 Nf6 8. O-O
O-O 9. dxc5 Rd8 10. Qxd5 Nxd5 11. Bd2 Bf5 12. Na3 Rac8 13. Nh4 Be6 14. Nc4 Ne5
15. Nxe5 Bxe5 16. Nf3 Bf4 17. Bxf4 Nxf4 18. Rfe1 Rxc5 19. Nd4 Bd5 20. Bf3 e6
21. Bxd5 Rcxd5 22. g3 Nd3 23. Re2 e5 24. Rd1 Nc5 25. b4 Na4 26. Rd3 exd4 27. c4
R5d7 28. Red2 Nb6 29. Rc2 Nc8 30. f4 f5 31. c5 Kf7 32. Kf2 Ne7 33. a3 Ng8 34.
b5 Nf6 35. Kf3 Rc7 36. a4 Rd5 37. c6 bxc6 38. Rxc6 Rxc6 39. bxc6 Rc5 40. Rxd4
Rxc6 41. Rb4 Rc3+ 42. Kg2 Rc2+ 43. Kf1 Nd5 44. Rb7+ Rc7 45. Rxc7+ Nxc7 46. Ke2
Ke6 47. Kd3 Kd5 48. Kc3 a5 49. Kd3 Na6 50. Kc3 Nc5 0-1

[Event "36. Copenhagen Open (Politiken Cup)"]
[Site "Elsinore"]
[Date "2014.07.21"]
[Round "1"]
[White "Mottonen, Ari"]
[Black "Romanov, Evgeny"]
[Result "0-1"]
[WhiteElo "2000"]
[BlackElo "2643"]
[PlyCount "74"]
[EventDate "2014.07.21"]
[EventType "swiss"]
[EventRounds "10"]
[EventCountry "DEN"]
[Source "ChessBase"]
[SourceDate "2014.08.29"]

1. Nf3 d5 2. g3 c6 3. Bg2 Nf6 4. O-O Bg4 5. c4 e6 6. Qc2 Nbd7 7. d3 Be7 8. Bf4
O-O 9. e4 dxe4 10. dxe4 Bxf3 11. Bxf3 e5 12. Bd2 Nc5 13. Bc3 Qc7 14. Nd2 a5 15.
Rad1 b5 16. b3 Ne6 17. Nb1 b4 18. Bb2 Bc5 19. Bg2 a4 20. Nd2 axb3 21. axb3 Nd4
22. Bxd4 Bxd4 23. h3 Ra3 24. Kh2 Rfa8 25. Qd3 Nd7 26. f4 Nc5 27. Qf3 Bc3 28.
fxe5 Bxe5 29. Qg4 g6 30. Rf3 Rd8 31. Re3 h5 32. Qg5 Ne6 33. Qh4 Ra2 34. Re2 Kg7
35. Rf2 Rdxd2 36. Rfxd2 Rxd2 37. Rxd2 Bf6 0-1

[Event "36. Copenhagen Open (Politiken Cup)"]
[Site "Elsinore"]
[Date "2014.07.21"]
[Round "1"]
[White "Myhre, Mads Wollan"]
[Black "Franzen, Per Erik"]
[Result "1/2-1/2"]
[WhiteElo "1509"]
[BlackElo "2050"]
[PlyCount "55"]
[EventDate "2014.07.21"]
[EventType "swiss"]
[EventRounds "10"]
[EventCountry "DEN"]
[Source "ChessBase"]
[SourceDate "2014.08.29"]

1. c4 e5 2. g3 Nf6 3. Bg2 c6 4. d3 d5 5. cxd5 Nxd5 6. Nf3 Bd6 7. Nc3 Nxc3 8.
bxc3 O-O 9. O-O Nd7 10. Bb2 Qe7 11. Qc2 f5 12. e3 Nf6 13. Rfe1 e4 14. dxe4 fxe4
15. Nd2 Bf5 16. c4 Rae8 17. Rad1 Ng4 18. Rf1 Bc7 19. c5 Qg5 20. Qb3+ Rf7 21.
Qa4 Nxh2 22. Kxh2 Qh4+ 23. Kg1 Bxg3 24. fxg3 Qxg3 25. Qb3 Be6 26. Qc2 Qxe3+ 27.
Kh1 Qh6+ 28. Kg1 1/2-1/2

[Event "36. Copenhagen Open (Politiken Cup)"]
[Site "Elsinore"]
[Date "2014.07.21"]
[Round "1"]
[White "Neffe, Axel"]
[Black "Risting, Eivind Olav"]
[Result "1-0"]
[WhiteElo "2252"]
[BlackElo "1875"]
[PlyCount "57"]
[EventDate "2014.07.21"]
[EventType "swiss"]
[EventRounds "10"]
[EventCountry "DEN"]
[Source "ChessBase"]
[SourceDate "2014.08.29"]

1. e4 e6 2. d4 d5 3. Nc3 Nf6 4. Bg5 Be7 5. e5 Nfd7 6. h4 Bxg5 7. hxg5 Qxg5 8.
Qd3 g6 9. Nf3 Qe7 10. O-O-O Nc6 11. Qe3 Nb6 12. Rh6 Bd7 13. Be2 O-O-O 14. Rdh1
Na5 15. Qg5 Qf8 16. Rxh7 Rxh7 17. Rxh7 Nac4 18. a3 Be8 19. Qf4 Qe7 20. Ng5 Kb8
21. Nxf7 Bxf7 22. Rxf7 Qe8 23. b3 Na5 24. Qf6 Nc6 25. Bb5 Rc8 26. Qxg6 Qh8 27.
Bxc6 bxc6 28. Qxe6 Kb7 29. Qh3 1-0

[Event "36. Copenhagen Open (Politiken Cup)"]
[Site "Elsinore"]
[Date "2014.07.21"]
[Round "1"]
[White "Negi, Parimarjan"]
[Black "Molin, Claus"]
[Result "1-0"]
[WhiteElo "2645"]
[BlackElo "2002"]
[PlyCount "75"]
[EventDate "2014.07.21"]
[EventType "swiss"]
[EventRounds "10"]
[EventCountry "DEN"]
[Source "ChessBase"]
[SourceDate "2014.08.29"]

1. e4 e5 2. Nf3 Nc6 3. d4 exd4 4. Nxd4 Qf6 5. Nb5 Bb4+ 6. Bd2 Bc5 7. Qf3 Qxf3
8. gxf3 Bb6 9. Rg1 a6 10. N5a3 Nge7 11. Nc4 Bd4 12. Nc3 d6 13. Ne3 Bd7 14. Ncd5
O-O-O 15. c3 Bxe3 16. Nxe3 g6 17. O-O-O f5 18. Nc2 Ne5 19. Rg3 Bb5 20. Bg5 Rde8
21. f4 Nd7 22. Bxb5 axb5 23. Bxe7 Rxe7 24. exf5 gxf5 25. Nd4 Rf8 26. Nxb5 Re4
27. Rg7 Rxf4 28. Rxh7 Rxf2 29. Re1 Rg8 30. Rg7 Rd8 31. h4 Ne5 32. Rxc7+ Kb8 33.
Rd1 d5 34. Rg7 Nc4 35. b3 Ne3 36. Rdg1 Rxa2 37. Rd7 Rc8 38. Rgg7 1-0

[Event "36. Copenhagen Open (Politiken Cup)"]
[Site "Elsinore"]
[Date "2014.07.21"]
[Round "1"]
[White "Neu, Alexandre"]
[Black "Skou, Niels"]
[Result "1/2-1/2"]
[WhiteElo "1760"]
[BlackElo "2141"]
[PlyCount "49"]
[EventDate "2014.07.21"]
[EventType "swiss"]
[EventRounds "10"]
[EventCountry "DEN"]
[Source "ChessBase"]
[SourceDate "2014.08.29"]

1. e4 c5 2. Nf3 d6 3. d4 cxd4 4. Nxd4 Nf6 5. Nc3 a6 6. Be3 g6 7. f3 Bg7 8. Qd2
Nc6 9. Bc4 O-O 10. O-O-O Qc7 11. Bb3 Bd7 12. g4 b5 13. h4 Na5 14. h5 b4 15. Nd5
Nxb3+ 16. Nxb3 Nxd5 17. exd5 Rac8 18. hxg6 fxg6 19. Nd4 Qc4 20. b3 Qc3 21. Qxc3
Rxc3 22. Bg5 Rfc8 23. Bxe7 Bxd4 24. Rxd4 Rxc2+ 25. Kb1 1/2-1/2

[Event "36. Copenhagen Open (Politiken Cup)"]
[Site "Elsinore"]
[Date "2014.07.21"]
[Round "1"]
[White "Nielsen, Jan Mose"]
[Black "Jacobsen, Caroline Beer"]
[Result "1-0"]
[WhiteElo "2078"]
[BlackElo "1622"]
[PlyCount "51"]
[EventDate "2014.07.21"]
[EventType "swiss"]
[EventRounds "10"]
[EventCountry "DEN"]
[Source "ChessBase"]
[SourceDate "2014.08.29"]

1. d4 Nf6 2. Bg5 e6 3. Nf3 Be7 4. Nc3 d5 5. Bxf6 Bxf6 6. e4 dxe4 7. Nxe4 Be7 8.
Bd3 Nc6 9. c3 b6 10. Qe2 Bb7 11. O-O-O a5 12. Bb5 O-O 13. h4 Na7 14. Bd3 f5 15.
Neg5 Bxf3 16. Qxe6+ Kh8 17. Nxf3 Rf6 18. Qb3 Bd6 19. Ne5 Qg8 20. Bc4 Qf8 21.
Nf7+ Rxf7 22. Bxf7 a4 23. Qe6 f4 24. Kc2 a3 25. b3 g6 26. h5 1-0

[Event "36. Copenhagen Open (Politiken Cup)"]
[Site "Elsinore"]
[Date "2014.07.21"]
[Round "1"]
[White "Nielsen, Jens Holm"]
[Black "Seegers, Hendrik"]
[Result "0-1"]
[WhiteElo "1802"]
[BlackElo "2196"]
[PlyCount "136"]
[EventDate "2014.07.21"]
[EventType "swiss"]
[EventRounds "10"]
[EventCountry "DEN"]
[Source "ChessBase"]
[SourceDate "2014.08.29"]

1. Nc3 d5 2. e4 d4 3. Nce2 e5 4. Ng3 Be6 5. Be2 Bd6 6. Bg4 Qd7 7. Bxe6 Qxe6 8.
d3 Ne7 9. c3 Nbc6 10. N1e2 Rd8 11. c4 Bb4+ 12. Bd2 Bxd2+ 13. Qxd2 O-O 14. b4 b6
15. O-O a5 16. a3 Qd6 17. b5 Nb8 18. Qg5 h6 19. Qh5 Nd7 20. Nf5 Nxf5 21. exf5
Nc5 22. Qf3 c6 23. Ng3 cxb5 24. cxb5 Qd5 25. Qg4 Rd6 26. Qe2 Re8 27. Ne4 Nxe4
28. dxe4 d3 29. exd5 dxe2 30. Rfe1 Rxd5 31. Rxe2 Rxb5 32. Re4 g6 33. g4 gxf5
34. gxf5 Kg7 35. Rh4 Rd8 36. Kh1 Rd6 37. Rg1+ Kf8 38. Rg3 Rf6 39. Kg2 Rb2 40.
Rf3 Ke7 41. Rc4 Rd2 42. Kf1 Kd6 43. Ke1 Rd4 44. Rc8 Kd5 45. Ke2 Rf4 46. Rd3+
Ke4 47. Rb3 Kxf5 48. Rb8 Ke4 49. Re3+ Kf5 50. Rc8 Re4 51. Rcc3 Rxe3+ 52. Kxe3
Kg4 53. Ke2 e4 54. Rg3+ Kf4 55. f3 Re6 56. Rg4+ Kf5 57. Rh4 e3 58. Rc4 Ke5 59.
Re4+ Kd5 60. Rf4 f6 61. h4 b5 62. a4 b4 63. Rf5+ Kd4 64. Rxa5 Rc6 65. Rb5 Rc2+
66. Kd1 e2+ 67. Ke1 Ke3 68. Rxb4 Rc1# 0-1

[Event "36. Copenhagen Open (Politiken Cup)"]
[Site "Elsinore"]
[Date "2014.07.21"]
[Round "1"]
[White "Nielsen, Jorgen Lovgren"]
[Black "Hansen, Anders1"]
[Result "1-0"]
[WhiteElo "2135"]
[BlackElo "1735"]
[PlyCount "73"]
[EventDate "2014.07.21"]
[EventType "swiss"]
[EventRounds "10"]
[EventCountry "DEN"]
[Source "ChessBase"]
[SourceDate "2014.08.29"]

1. e4 c5 2. Nf3 Nc6 3. d4 cxd4 4. Nxd4 e6 5. Nc3 Qc7 6. Ndb5 Qb8 7. Be3 d6 8.
Be2 Nf6 9. O-O Be7 10. Qd2 a6 11. Nd4 O-O 12. f4 Rd8 13. Rad1 Nxd4 14. Bxd4 b5
15. a3 Bb7 16. Bf3 d5 17. Bb6 Rc8 18. e5 Nd7 19. Bd4 Rc4 20. Kh1 b4 21. axb4
Bxb4 22. Be2 Rc8 23. Qe3 Bc5 24. Bxc5 Rxc5 25. Bd3 Qc7 26. Ne2 a5 27. Nd4 Ba6
28. Rd2 Bxd3 29. Qxd3 Qb7 30. b3 a4 31. Ra1 Rca5 32. bxa4 Nc5 33. Qf1 Rxa4 34.
Rdd1 Qb2 35. Rxa4 Nxa4 36. Qb5 Qxd4 37. Rxd4 1-0

[Event "36. Copenhagen Open (Politiken Cup)"]
[Site "Elsinore"]
[Date "2014.07.21"]
[Round "1"]
[White "Nielsen, Kai Gylling"]
[Black "Hobber, Anders"]
[Result "0-1"]
[WhiteElo "1897"]
[BlackElo "2315"]
[PlyCount "78"]
[EventDate "2014.07.21"]
[EventType "swiss"]
[EventRounds "10"]
[EventCountry "DEN"]
[Source "ChessBase"]
[SourceDate "2014.08.29"]

1. d4 d5 2. Nf3 Nf6 3. Bf4 c5 4. e3 Nc6 5. Be2 Bg4 6. O-O e6 7. c3 Bd6 8. Bxd6
Qxd6 9. Nbd2 O-O 10. h3 Bh5 11. Nh2 Bg6 12. dxc5 Qxc5 13. Ng4 Nxg4 14. hxg4
Rad8 15. Nb3 Qb6 16. Bd3 e5 17. Bxg6 hxg6 18. Qf3 a5 19. Rab1 a4 20. Nd2 d4 21.
exd4 exd4 22. Ne4 Rfe8 23. Rfe1 Ne5 24. Qh3 f6 25. cxd4 Qxd4 26. g5 Nd3 27.
Nxf6+ gxf6 28. Rxe8+ Rxe8 29. Qg3 Nf4 30. Qf3 Ne2+ 31. Kf1 Qc4 32. b3 Qh4 33.
Qd5+ Kh8 34. g3 Qh3+ 35. Qg2 Nxg3+ 36. Kg1 Ne2+ 37. Kf1 Qd3 38. Qh1+ Kg8 39.
Kg2 Nf4+ 0-1

[Event "36. Copenhagen Open (Politiken Cup)"]
[Site "Elsinore"]
[Date "2014.07.21"]
[Round "1"]
[White "Nielsen, Lars Aaes"]
[Black "Mott, Jens"]
[Result "1-0"]
[WhiteElo "2257"]
[BlackElo "1881"]
[PlyCount "105"]
[EventDate "2014.07.21"]
[EventType "swiss"]
[EventRounds "10"]
[EventCountry "DEN"]
[Source "ChessBase"]
[SourceDate "2014.08.29"]

1. e4 e6 2. d4 d5 3. Nc3 Bb4 4. Nge2 dxe4 5. a3 Be7 6. g4 e5 7. h3 h5 8. gxh5
f5 9. dxe5 Qxd1+ 10. Kxd1 Rxh5 11. Nf4 Rh7 12. Bc4 Nh6 13. Rg1 c6 14. Nh5 Bf8
15. e6 Na6 16. Bxh6 Rxh6 17. Nxg7+ Bxg7 18. Rxg7 Bxe6 19. Bxe6 Rd8+ 20. Ke2
Rxe6 21. Rxb7 Re7 22. Rxe7+ Kxe7 23. Rd1 Rh8 24. Rd4 Rxh3 25. Ra4 Nc5 26. Rxa7+
Kd6 27. Nd1 f4 28. Ra8 Rh2 29. Re8 Kd7 30. Re5 Kd6 31. Rf5 Ne6 32. c3 Rh4 33.
b4 Rh3 34. a4 Rh8 35. a5 Rb8 36. Kd2 Rd8 37. Ke1 Rh8 38. Nb2 Rh3 39. a6 Rxc3
40. a7 Rc1+ 41. Kd2 Ra1 42. Nc4+ Ke7 43. Na5 Ra2+ 44. Kc3 Nc7 45. Rxf4 Kd6 46.
Kb3 Re2 47. Rf6+ Kd5 48. Rxc6 Na8 49. Rc8 e3 50. Rxa8 exf2 51. Rf8 Re8 52. Rxe8
f1=Q 53. a8=Q+ 1-0

[Event "36. Copenhagen Open (Politiken Cup)"]
[Site "Elsinore"]
[Date "2014.07.21"]
[Round "1"]
[White "Nielsen, Leo"]
[Black "Haug, Johannes"]
[Result "0-1"]
[WhiteElo "1737"]
[BlackElo "2136"]
[PlyCount "58"]
[EventDate "2014.07.21"]
[EventType "swiss"]
[EventRounds "10"]
[EventCountry "DEN"]
[Source "ChessBase"]
[SourceDate "2014.08.29"]

1. e4 e6 2. Nf3 d5 3. exd5 exd5 4. d4 Bd6 5. Bd3 Ne7 6. Nc3 Bg4 7. h3 Bh5 8.
Qe2 c6 9. Bg5 f6 10. Be3 O-O 11. g4 Bg6 12. h4 Qd7 13. g5 Bh5 14. gxf6 Rxf6 15.
Ne5 Bxe2 16. Nxd7 Nxd7 17. Nxe2 Nf5 18. Bg5 Rf7 19. O-O-O Ne7 20. f4 Nf5 21. c3
h6 22. Bxf5 Rxf5 23. Rdf1 hxg5 24. hxg5 Re8 25. Kd1 Nf8 26. Rh4 Ng6 27. Rg4
Ref8 28. Kd2 Bxf4+ 29. Nxf4 Rxf4 0-1

[Event "36. Copenhagen Open (Politiken Cup)"]
[Site "Elsinore"]
[Date "2014.07.21"]
[Round "1"]
[White "Nielsen, Palle"]
[Black "Rorvik, Jon Fredrik"]
[Result "1/2-1/2"]
[WhiteElo "1771"]
[BlackElo "2151"]
[PlyCount "49"]
[EventDate "2014.07.21"]
[EventType "swiss"]
[EventRounds "10"]
[EventCountry "DEN"]
[Source "ChessBase"]
[SourceDate "2014.08.29"]

1. e4 e5 2. Nf3 Nc6 3. Bc4 Bc5 4. O-O Nf6 5. d3 h6 6. Be3 Bb6 7. c3 O-O 8. b4
d6 9. Nbd2 Qe7 10. Qe2 Be6 11. Bb3 Rad8 12. Nc4 Bxc4 13. Bxc4 Rfe8 14. Nh4 d5
15. Nf5 Qd7 16. Bxd5 Nxd5 17. Qg4 g6 18. Nxh6+ Kh7 19. Qxd7 Rxd7 20. exd5 Rxd5
21. Ng4 Rd6 22. Bg5 Kg7 23. Bh6+ Kh7 24. Bg5 Kg7 25. Bh6+ 1/2-1/2

[Event "36. Copenhagen Open (Politiken Cup)"]
[Site "Elsinore"]
[Date "2014.07.21"]
[Round "1"]
[White "Nilssen, John Arni"]
[Black "Tryggestad, Andreas Garberg"]
[Result "0-1"]
[WhiteElo "2322"]
[BlackElo "1912"]
[PlyCount "55"]
[EventDate "2014.07.21"]
[EventType "swiss"]
[EventRounds "10"]
[EventCountry "DEN"]
[Source "ChessBase"]
[SourceDate "2014.08.29"]

1. d4 Nf6 2. c4 g6 3. f3 d5 4. cxd5 Nxd5 5. e4 Nb6 6. Nc3 Bg7 7. Be3 O-O 8. Qd2
Nc6 9. d5 Ne5 10. Bd4 c6 11. Rd1 cxd5 12. exd5 Bf5 13. f4 Nec4 14. Bxc4 Nxc4
15. Qf2 Bxd4 16. Rxd4 Nd6 17. Nf3 Qb6 18. O-O Nb5 19. Nxb5 Qxb5 20. Re1 Qc5 21.
b4 Qd6 22. Qh4 f6 23. Qf2 Rac8 24. Nh4 Qd7 25. Nxf5 Qxf5 26. Rxe7 Qb1+ 27. Re1
Rc1 28. Rdd1 0-1

[Event "36. Copenhagen Open (Politiken Cup)"]
[Site "Elsinore"]
[Date "2014.07.21"]
[Round "1"]
[White "Nilsson, Carl Axel"]
[Black "Hinrichs, Jan"]
[Result "0-1"]
[WhiteElo "1696"]
[BlackElo "2124"]
[PlyCount "94"]
[EventDate "2014.07.21"]
[EventType "swiss"]
[EventRounds "10"]
[EventCountry "DEN"]
[Source "ChessBase"]
[SourceDate "2014.08.29"]

1. e4 c5 2. Nf3 d6 3. d4 cxd4 4. Nxd4 Nf6 5. Nc3 a6 6. Bg5 e6 7. f4 h6 8. Bh4
Be7 9. Qf3 Nbd7 10. O-O-O Qc7 11. Bd3 g5 12. fxg5 Ne5 13. Qe2 Nfg4 14. Nf3 Qc5
15. Nxe5 Nxe5 16. Kb1 hxg5 17. Bf2 Qa5 18. Rdf1 b5 19. Nd1 Bd7 20. Ne3 Rc8 21.
Ng4 Nc4 22. Be1 Qa4 23. Bxc4 Qxc4 24. Qxc4 Rxc4 25. Nf2 Bc6 26. b3 Rxe4 27.
Nxe4 Bxe4 28. Rf2 d5 29. Bc3 Rh7 30. b4 Bd6 31. h3 g4 32. Rhf1 gxh3 33. gxh3
Rxh3 34. Kb2 f5 35. a3 Bg3 36. Re2 f4 37. Be1 f3 38. Re3 Bxe1 39. Rexe1 Rh2 40.
Rc1 Re2 41. Rfe1 Bd3 42. Rf1 f2 43. Kc3 Bc4 44. Rcd1 Re3+ 45. Rd3 Bxd3 46. cxd3
Rf3 47. Kd4 Kd7 0-1

[Event "36. Copenhagen Open (Politiken Cup)"]
[Site "Elsinore"]
[Date "2014.07.21"]
[Round "1"]
[White "Nordin, Eric"]
[Black "Nordenbaek, Jan"]
[Result "0-1"]
[WhiteElo "1852"]
[BlackElo "2228"]
[PlyCount "98"]
[EventDate "2014.07.21"]
[EventType "swiss"]
[EventRounds "10"]
[EventCountry "DEN"]
[Source "ChessBase"]
[SourceDate "2014.08.29"]

1. e4 c5 2. Nc3 a6 3. f4 b5 4. Nf3 Bb7 5. d3 e6 6. g3 d5 7. Bg2 b4 8. Ne2 Be7
9. e5 h5 10. c3 a5 11. a3 Qb6 12. Be3 Nh6 13. axb4 axb4 14. Rxa8 Bxa8 15. Qb3
Nc6 16. c4 Na5 17. Qc2 b3 18. Qc1 dxc4 19. dxc4 Nf5 20. Bd2 O-O 21. O-O Nd4 22.
Nexd4 cxd4 23. Bxa5 Qxa5 24. Qd2 Qb6 25. Qd3 Rd8 26. Nd2 Bxg2 27. Kxg2 Rb8 28.
Rf3 Qa6 29. f5 exf5 30. Qxf5 Rf8 31. Rxb3 Qa5 32. Nf3 Qa6 33. Rb5 Rd8 34. Ng5
Bxg5 35. Qxg5 Re8 36. Qxh5 Qc6+ 37. Qf3 Qxc4 38. Rb7 Rxe5 39. b3 Qe6 40. Rb8+
Kh7 41. Qd3+ g6 42. Qxd4 Qc6+ 43. Kg1 Qc1+ 44. Kg2 Qc2+ 45. Kf1 Qc1+ 46. Kg2
Re2+ 47. Kf3 Qf1+ 48. Kg4 Qf5+ 49. Kh4 Qh5# 0-1

[Event "36. Copenhagen Open (Politiken Cup)"]
[Site "Elsinore"]
[Date "2014.07.21"]
[Round "1"]
[White "Olofsson Dolk, Mattis"]
[Black "Leite, Steinar"]
[Result "1-0"]
[WhiteElo "2143"]
[BlackElo "1760"]
[PlyCount "97"]
[EventDate "2014.07.21"]
[EventType "swiss"]
[EventRounds "10"]
[EventCountry "DEN"]
[Source "ChessBase"]
[SourceDate "2014.08.29"]

1. e4 e5 2. Nf3 Nc6 3. Bb5 f5 4. d3 fxe4 5. dxe4 Nf6 6. O-O Bc5 7. Qd3 d6 8.
Qc4 Qe7 9. Nc3 a6 10. Bxc6+ bxc6 11. Be3 Be6 12. Qa4 Bd7 13. Bxc5 dxc5 14. Nb1
O-O 15. Nbd2 Rfb8 16. Qc4+ Be6 17. Qc3 Rb4 18. Qxe5 Qd6 19. Qxd6 cxd6 20. Ng5
Bd7 21. b3 h6 22. c3 Rb7 23. Ngf3 Re8 24. e5 dxe5 25. Nc4 Re6 26. Ncxe5 Be8 27.
Nd3 Ne4 28. Rfe1 Rbe7 29. c4 g5 30. Re3 Bg6 31. Nfe5 Bh7 32. Rae1 a5 33. Rxe4
Bxe4 34. Rxe4 a4 35. bxa4 Kg7 36. Re3 h5 37. g3 g4 38. h3 Kf6 39. hxg4 hxg4 40.
Nxg4+ Kg5 41. Rxe6 Rxe6 42. Ne3 Rd6 43. Nxc5 Rh6 44. f4+ Kg6 45. Kg2 Rh8 46.
Kf3 Rd8 47. f5+ Kf7 48. Kf4 Rd2 49. Ng4 1-0

[Event "36. Copenhagen Open (Politiken Cup)"]
[Site "Elsinore"]
[Date "2014.07.21"]
[Round "1"]
[White "Olsson, Tomas"]
[Black "Olsarova, Tereza"]
[Result "0-1"]
[WhiteElo "1872"]
[BlackElo "2251"]
[PlyCount "96"]
[EventDate "2014.07.21"]
[EventType "swiss"]
[EventRounds "10"]
[EventCountry "DEN"]
[Source "ChessBase"]
[SourceDate "2014.08.29"]

1. e4 e5 2. Nf3 Nc6 3. Bb5 a6 4. Ba4 Nf6 5. d4 exd4 6. O-O Be7 7. e5 Ne4 8.
Nxd4 Nxd4 9. Qxd4 Nc5 10. Nc3 O-O 11. Bb3 d6 12. Be3 Nxb3 13. cxb3 dxe5 14.
Qxe5 Bf6 15. Qh5 g6 16. Qf3 Bf5 17. Rad1 Qc8 18. Nd5 Bd8 19. Bd4 c6 20. Ne3 Be6
21. h3 f5 22. Qe2 Bf6 23. Bxf6 Rxf6 24. f4 b5 25. Rc1 Qe8 26. Rfe1 Bf7 27. Nc2
Qb8 28. Qf2 Bd5 29. Nd4 Be4 30. Rc5 Qd6 31. Rec1 Rc8 32. Ne2 Re6 33. Nd4 Re7
34. b4 Bd5 35. a3 Re4 36. g3 Bc4 37. Nf3 Re2 38. Qd4 Qxd4+ 39. Nxd4 Rxb2 40.
Nxc6 Kf8 41. Ne5 Rd8 42. Nxc4 bxc4 43. R5xc4 Rdd2 44. Rc7 Rg2+ 45. Kf1 Rh2 46.
Kg1 Rbg2+ 47. Kf1 Rd2 48. Ke1 Ra2 0-1

[Event "36. Copenhagen Open (Politiken Cup)"]
[Site "Elsinore"]
[Date "2014.07.21"]
[Round "1"]
[White "Pallesen, Jacob"]
[Black "Nielsen, Bjorn"]
[Result "1-0"]
[WhiteElo "2031"]
[BlackElo "1417"]
[PlyCount "57"]
[EventDate "2014.07.21"]
[EventType "swiss"]
[EventRounds "10"]
[EventCountry "DEN"]
[Source "ChessBase"]
[SourceDate "2014.08.29"]

1. d4 d5 2. c4 e6 3. Nc3 Nf6 4. g3 Bd6 5. Bg2 c6 6. Nf3 O-O 7. b3 Nbd7 8. O-O
a6 9. Bb2 Re8 10. Qc2 Nf8 11. e4 dxe4 12. Nxe4 Be7 13. Ne5 Ng6 14. Rad1 Nxe4
15. Bxe4 Bf6 16. h4 Bxh4 17. Nxg6 fxg6 18. gxh4 Qxh4 19. Bg2 e5 20. dxe5 Bf5
21. Qc3 Re6 22. Rd4 Qe7 23. Rfd1 Rxe5 24. f4 Re2 25. Rd8+ Rxd8 26. Rxd8+ Kf7
27. Qxg7+ Ke6 28. Bd5+ cxd5 29. cxd5# 1-0

[Event "36. Copenhagen Open (Politiken Cup)"]
[Site "Elsinore"]
[Date "2014.07.21"]
[Round "1"]
[White "Palm, Nikolaj"]
[Black "Strachan, Christian C"]
[Result "1-0"]
[WhiteElo "2332"]
[BlackElo "1918"]
[PlyCount "135"]
[EventDate "2014.07.21"]
[EventType "swiss"]
[EventRounds "10"]
[EventCountry "DEN"]
[Source "ChessBase"]
[SourceDate "2014.08.29"]

1. d4 d5 2. Nf3 Nf6 3. e3 Bf5 4. c4 c6 5. Nc3 a6 6. a3 e6 7. c5 Nbd7 8. b4 Be7
9. Be2 h6 10. O-O O-O 11. Bb2 Qc7 12. Qd2 Rfe8 13. Rae1 Rad8 14. Bd1 Ne4 15.
Qc1 Bf6 16. Nxe4 Bxe4 17. Qc3 e5 18. a4 Bg6 19. Qb3 e4 20. Nd2 Bg5 21. Bc2 f5
22. f4 Be7 23. Bd1 Nf6 24. Bc3 Bf7 25. Qb2 Rf8 26. Nb3 Bh5 27. Bxh5 Nxh5 28.
Qe2 Nf6 29. Ra1 Ra8 30. Rfb1 Nd7 31. Be1 b5 32. cxb6 Nxb6 33. Na5 Rfc8 34. Rc1
Qd7 35. Qa2 Kh7 36. Rab1 Rab8 37. Rc2 Rc7 38. Rbc1 Rbc8 39. Qb3 Bd6 40. Bh4 Bf8
41. h3 Bd6 42. Kh1 Bf8 43. Rg1 Qd6 44. Rb2 Qd7 45. g4 Qe6 46. Rc2 Qd6 47. Be1
Qd7 48. Rcg2 Qf7 49. g5 Qh5 50. g6+ Kh8 51. Kh2 Be7 52. Rc2 Bh4 53. Bxh4 Qxh4
54. Rgc1 Qf6 55. b5 axb5 56. axb5 Qxg6 57. bxc6 Nc4 58. Nxc4 dxc4 59. Qxc4 Rxc6
60. Qxc6 Rxc6 61. Rxc6 Qh5 62. R6c2 Qf3 63. Re1 h5 64. d5 h4 65. Rg2 Qh5 66. d6
Qf7 67. Rd2 Qd7 68. Rc1 1-0